Statistics for Five Newest Country Flags By Continent

Click here to take the quiz!

General Stats

  • This quiz has been taken 43 times
  • The average score is 26 of 30

Answer Stats

Answer% Correct
Kosovo
100%
Bosnia and Herzegovina
98%
Brazil
98%
Georgia
98%
Iraq
98%
North Macedonia
98%
Serbia
98%
Afghanistan
95%
Venezuela
95%
Kyrgyzstan
93%
Montenegro
93%
Libya
90%
Guyana
88%
Myanmar
88%
Peru
88%
Suriname
88%
Mauritania
85%
Palau
85%
South Sudan
85%
Dominica
83%
Marshall Islands
83%
Saint Vincent and the Grenadines
83%
Belize
80%
Kiribati
80%
Lesotho
80%
Saint Lucia
80%
Vanuatu
80%
Tuvalu
78%
Malawi
76%
Saint Kitts and Nevis
76%

Score Distribution

Percentile by Number Answered

Percent of People with Each Score

Your Score History

You have not taken this quiz